[Event "VI Open FIDE"]
[Site "Forli' ITA"]
[Date "1993.10.??"]
[Round "5"]
[White "Godena, Michele"]
[Black "Benvenuti, Carlo"]
[WhiteElo "2505"]
[BlackElo "2081"]
[Result "1-0"]
[PlyCount "81"]
[EventDate "1993.10.23"]

1. e4 d6 2. d4 Nf6 3. Bd3 e5 4. c3 Be7 5. Nf3 Nc6 6. h3 O-O 7. O-O Ne8 8. Re1
Bf6 9. Bc2 g6 10. Na3 Ng7 11. Nc4 exd4 12. cxd4 d5 13. e5 Be7 14. Ne3 h5 15. a3
Nb8 16. Qd2 Re8 17. Nf1 Bf8 18. Ng3 h4 19. Ne2 c6 20. Nf4 Ne6 21. Nxe6 Bxe6 22.
Qf4 Be7 23. Qh6 Bf8 24. Qf4 Be7 25. Ng5 Bxg5 26. Qxg5 Qxg5 27. Bxg5 Nd7 28.
Bxh4 b6 29. f4 c5 30. g4 f5 31. exf6 Bf7 32. Ba4 Red8 33. Re7 Nf8 34. Rae1 a6
35. Bf2 b5 36. Bc2 c4 37. f5 g5 38. h4 Nh7 39. Be3 Nxf6 40. hxg5 Nxg4 41. Bf4
1-0

[Event "VI Open FIDE"]
[Site "Forli' ITA"]
[Date "1993.10.??"]
[Round "5"]
[White "Lagrotteria, Salvatore"]
[Black "Iotti, Pierluigi"]
[WhiteElo "2230"]
[BlackElo "2300"]
[Result "0-1"]
[PlyCount "122"]
[EventDate "1993.10.23"]

1. Nf3 e6 2. g3 d5 3. Bg2 c5 4. O-O Nc6 5. d3 Bd6 6. Nbd2 Nge7 7. e4 O-O 8. Re1
Qc7 9. c3 Rb8 10. Qe2 f6 11. a3 d4 12. cxd4 cxd4 13. b4 b5 14. Nb3 e5 15. Qc2
Be6 16. Bd2 Rfc8 17. Rec1 Ng6 18. Qd1 Nf8 19. Nh4 Qf7 20. Rab1 Nd7 21. f4 Nb6
22. Nf5 Bf8 23. Nc5 Ba2 24. Ra1 g6 25. Nh4 Bxc5 26. bxc5 Na4 27. Qg4 Be6 28. f5
Bd7 29. fxg6 Bxg4 30. gxf7+ Kxf7 31. Nf5 Ke6 32. Nh6 Be2 33. Bh3+ Ke7 34. Bxc8
Rxc8 35. Nf5+ Ke6 36. Kf2 Bxd3 37. Kf3 Rg8 38. h3 Nb2 39. g4 Nc4 40. Be1 h5 41.
gxh5 Bf1 42. Ra2 Bxh3 43. Ng3 f5 44. a4 fxe4+ 45. Nxe4 a6 46. axb5 axb5 47. Bh4
Bg4+ 48. Kf2 Bxh5 49. Ra6 Rf8+ 50. Kg3 Rf3+ 51. Kg2 Rf4 52. Rxc6+ Kd5 53. Rd6+
Kxe4 54. Re1+ Ne3+ 55. Kg3 Rf3+ 56. Kh2 Bg4 57. Bg5 Rh3+ 58. Kg1 Rg3+ 59. Kh2
Rg2+ 60. Kh1 Bf3 61. Bxe3 Re2+ 0-1

[Event "VI Open FIDE"]
[Site "Forli' ITA"]
[Date "1993.10.??"]
[Round "5"]
[White "Leoncini, Mario"]
[Black "Mailfert, Jean-Pierre"]
[WhiteElo "2250"]
[BlackElo "2115"]
[Result "0-1"]
[PlyCount "41"]
[EventDate "1993.10.23"]

1. e4 c6 2. d4 d5 3. Nc3 dxe4 4. Nxe4 Bf5 5. Ng3 Bg6 6. h4 h6 7. Nf3 Nd7 8. h5
Bh7 9. Bd3 Bxd3 10. Qxd3 Qc7 11. Bd2 e6 12. O-O-O Ngf6 13. c4 O-O-O 14. Ne4 c5
15. Kb1 cxd4 16. Nxd4 Ne5 17. Qe3 Neg4 18. Qd3 Nxe4 19. Qxe4 Nxf2 20. Qf4 Qxf4
21. Bxf4 0-1

[Event "VI Open FIDE"]
[Site "Forli' ITA"]
[Date "1993.10.??"]
[Round "5"]
[White "Manouck, Thierry"]
[Black "Tatai, Stefano"]
[WhiteElo "2305"]
[BlackElo "2440"]
[Result "1/2-1/2"]
[PlyCount "133"]
[EventDate "1993.10.23"]

1. c4 Nf6 2. g3 e6 3. Nf3 d5 4. b3 Be7 5. Bg2 O-O 6. O-O b6 7. Bb2 Bb7 8. e3 c5
9. Qe2 Nc6 10. Nc3 Rc8 11. Rfd1 dxc4 12. bxc4 Qc7 13. d3 Qb8 14. Rab1 Qa8 15.
Ne1 Rfd8 16. f4 Nb4 17. Bxb7 Qxb7 18. g4 Ne8 19. a3 Nc6 20. Ne4 Nd6 21. Nf2 f5
22. Nf3 Rf8 23. h4 fxg4 24. Nxg4 Nf5 25. h5 Bf6 26. Kf2 Bxb2 27. Qxb2 Nfd4 28.
Nfe5 Qe7 29. Rh1 Qg5 30. Ke1 Nxe5 31. Nxe5 Qg3+ 32. Qf2 Qxf2+ 33. Kxf2 Nc6 34.
Nxc6 Rxc6 35. Ke2 Rf5 36. Rbg1 Rc7 37. Rg5 Rcf7 38. Rhg1 Kf8 39. R1g4 h6 40.
Rxf5 Rxf5 41. Rh4 Ke7 42. Kf3 Rf8 43. Ke4 Rf5 44. a4 Kf8 45. a5 bxa5 46. Rh2
Kf7 47. d4 cxd4 48. exd4 a4 49. d5 a3 50. Ra2 Rxh5 51. Rxa3 exd5+ 52. cxd5 Rh1
53. Rxa7+ Kf6 54. Ra6+ Ke7 55. Rg6 Kf7 56. f5 Re1+ 57. Kd4 h5 58. d6 h4 59. Rg4
h3 60. Rh4 Rh1 61. Ke3 h2 62. Kf2 Rd1 63. Rxh2 Rxd6 64. Ke3 Kf6 65. Rg2 Kxf5
66. Rxg7 Ra6 67. Rb7 1/2-1/2

[Event "VI Open FIDE"]
[Site "Forli' ITA"]
[Date "1993.10.??"]
[Round "5"]
[White "Payen, Arnaud"]
[Black "Gaido, Paolo"]
[WhiteElo "2285"]
[BlackElo "1987"]
[Result "1-0"]
[PlyCount "79"]
[EventDate "1993.10.23"]

1. d4 Nf6 2. Nf3 g6 3. Bf4 Bg7 4. h3 d6 5. e3 O-O 6. Be2 Nbd7 7. O-O c5 8. c3
b6 9. a4 a6 10. Nbd2 Bb7 11. Bh2 Ne4 12. Nxe4 Bxe4 13. Nd2 Bb7 14. Bd3 Ra7 15.
Qe2 Qa8 16. f3 f5 17. Nc4 Qd8 18. Kh1 Qc7 19. b4 Raa8 20. Rfb1 e5 21. bxc5 bxc5
22. Nxd6 Bxf3 23. Qa2+ Kh8 24. Nf7+ Rxf7 25. Qxf7 Qc6 26. e4 Bxe4 27. Bxe4 fxe4
28. d5 Qc7 29. Qe6 Rf8 30. Qc6 Qd8 31. Rb7 Rf7 32. Qe6 Re7 33. Qd6 e3 34. Rg1
e2 35. Bg3 Qf8 36. Kh2 Bh6 37. Rxd7 Rxd7 38. Qxd7 Bf4 39. Qg4 h5 40. Qf3 1-0

[Event "VI Open FIDE"]
[Site "Forli' ITA"]
[Date "1993.10.??"]
[Round "5"]
[White "Vezzosi, Paolo"]
[Black "Caposciutti, Maurizio"]
[WhiteElo "2280"]
[BlackElo "2315"]
[Result "1/2-1/2"]
[PlyCount "131"]
[EventDate "1993.10.23"]

1. d4 Nf6 2. c4 d6 3. Nf3 Nbd7 4. Nc3 e5 5. e4 c6 6. Be2 Be7 7. O-O O-O 8. Re1
Qc7 9. Bf1 Re8 10. d5 a6 11. Bd2 Bf8 12. b4 g6 13. Rc1 Bg7 14. h3 h6 15. Be3 c5
16. a3 b6 17. Nd2 Nh7 18. Nb3 f5 19. Rb1 Ndf6 20. Bd2 Bd7 21. Bd3 f4 22. bxc5
bxc5 23. Nc1 g5 24. Be2 Rab8 25. Rxb8 Rxb8 26. Nd3 Qc8 27. Kh2 g4 28. hxg4 Ng5
29. f3 h5 30. Nf2 hxg4 31. fxg4 Rb2 32. Bc1 Rb7 33. Rh1 Qb8 34. Kg1 Rb3 35. Qc2
Rb7 36. Bd1 Qc8 37. Rh4 Qc7 38. g3 fxg3 39. Nh1 Nfh7 40. Nxg3 Qd8 41. Rh2 Bf6
42. Qd3 Qc8 43. Nh5 Bd8 44. Qg3 Be8 45. Rf2 Bxh5 46. gxh5 Rg7 47. Bg4 Qxg4 48.
Qxg4 Nh3+ 49. Kh2 Rxg4 50. Kxh3 Rh4+ 51. Kg2 Ba5 52. Kg3 Rxh5 53. Ne2 Be1 54.
Kg4 Bxf2 55. Kxh5 Nf6+ 56. Kg6 Nxe4 57. Kf5 Ng3+ 58. Nxg3 Bxg3 59. Bd2 Kf7 60.
Bg5 Be1 61. a4 Bc3 62. Bh4 Bd2 63. Bd8 Ke8 64. Bh4 Kd7 65. Ke4 Kc7 66. Kd3
1/2-1/2

[Event "VI Open FIDE"]
[Site "Forli' ITA"]
[Date "1993.10.??"]
[Round "5"]
[White "Wagman, Stuart"]
[Black "Ciotoli, Patrizio"]
[WhiteElo "2225"]
[BlackElo "1914"]
[Result "1/2-1/2"]
[PlyCount "57"]
[EventDate "1993.10.23"]

1. e4 e5 2. Nf3 Nc6 3. Nc3 Nf6 4. Bb5 Bc5 5. Nxe5 Bxf2+ 6. Kxf2 Nxe5 7. d4
Neg4+ 8. Kg1 c6 9. Be2 d6 10. h3 Nh6 11. Bxh6 gxh6 12. Qd2 Rg8 13. Kh2 Qe7 14.
Rhf1 Bd7 15. Qf4 Rg6 16. e5 dxe5 17. dxe5 Nd5 18. Nxd5 cxd5 19. Bh5 Rg7 20. Qf6
Qxf6 21. exf6 Rg5 22. Rae1+ Kf8 23. Bxf7 Bb5 24. h4 Bxf1 25. hxg5 Kxf7 26. Rxf1
hxg5 27. Rf5 Rd8 28. Rxg5 Kxf6 29. Rh5 1/2-1/2

[Event "VI Open FIDE"]
[Site "Forli' ITA"]
[Date "1993.10.??"]
[Round "5"]
[White "Zelcic, Robert"]
[Black "Loncar, Robert"]
[WhiteElo "2450"]
[BlackElo "2440"]
[Result "1/2-1/2"]
[PlyCount "115"]
[EventDate "1993.10.23"]

1. e4 c5 2. Nf3 d6 3. d4 cxd4 4. Nxd4 Nf6 5. Nc3 Nc6 6. Bc4 Qb6 7. Nb3 e6 8.
O-O a6 9. a4 Qc7 10. f4 Be7 11. Kh1 O-O 12. Be3 d5 13. exd5 Nb4 14. Nd2 exd5
15. Bb3 Bg4 16. Nf3 Rad8 17. Ne2 Bc5 18. Bxc5 Qxc5 19. Qd4 Ne4 20. Rad1 Nc6 21.
Qxc5 Nxc5 22. Bxd5 Nb4 23. Bxf7+ Kxf7 24. Ne5+ Kg8 25. Nxg4 Nxc2 26. Rxd8 Rxd8
27. Nc3 Rd4 28. h3 Nd3 29. g3 Nxb2 30. Rf2 Rc4 31. Nd5 Nxa4 32. Re2 Nb4 33.
Nxb4 Rxb4 34. Re7 h5 35. Ne5 Nc5 36. Rc7 Ne4 37. Kg2 Rb3 38. g4 hxg4 39. hxg4
a5 40. f5 a4 41. Rc8+ Kh7 42. Nf7 g6 43. Rc4 gxf5 44. gxf5 Kg7 45. Rxe4 Kxf7
46. Rxa4 Kf6 47. Kf2 Kxf5 48. Ke2 Rc3 49. Kd2 Rc5 50. Kd3 Ke5 51. Rc4 Kd5 52.
Rb4 Kc6 53. Rb3 b6 54. Rb2 Kb7 55. Ra2 Rc1 56. Kd2 Rc4 57. Kd3 b5 58. Rc2
1/2-1/2

[Event "VI Open FIDE"]
[Site "Forli' ITA"]
[Date "1993.10.??"]
[Round "6"]
[White "Benvenuti, Carlo"]
[Black "Drei, Andrea"]
[WhiteElo "2081"]
[BlackElo "2255"]
[Result "1-0"]
[PlyCount "79"]
[EventDate "1993.10.23"]

1. Nf3 c5 2. b3 Nf6 3. Bb2 b6 4. e3 Bb7 5. Be2 d6 6. d3 Nbd7 7. Nbd2 g6 8. c4
Bg7 9. Qc2 O-O 10. O-O Rc8 11. Rfd1 Qc7 12. Rac1 Rfd8 13. Qb1 Qb8 14. Qa1 Ne8
15. d4 cxd4 16. Bxd4 Bf8 17. Ne1 Ne5 18. f4 Nc6 19. Bb2 Nc7 20. Bg4 f5 21. Bh3
d5 22. Ndf3 dxc4 23. Rxc4 Nd5 24. Rxd5 Rxd5 25. e4 Rd6 26. exf5 Rcd8 27. fxg6
hxg6 28. Qc1 b5 29. Rc5 e5 30. Qc3 Bg7 31. fxe5 a6 32. Qc2 Nxe5 33. Bxe5 Bxe5
34. Rxe5 Bxf3 35. gxf3 Kh8 36. Qc3 Rd4 37. Re4 Qa7 38. Nc2 b4 39. Qb2 Kh7 40.
Rxd4 1-0

[Event "VI Open FIDE"]
[Site "Forli' ITA"]
[Date "1993.10.??"]
[Round "6"]
[White "Ciotoli, Patrizio"]
[Black "Leoncini, Mario"]
[WhiteElo "1914"]
[BlackElo "2250"]
[Result "1/2-1/2"]
[PlyCount "84"]
[EventDate "1993.10.23"]

1. e4 c5 2. Nc3 e6 3. f4 d5 4. Bb5+ Nc6 5. Bxc6+ bxc6 6. Nf3 Bd6 7. d3 Ne7 8.
O-O O-O 9. Qe1 Ng6 10. e5 Be7 11. b3 f6 12. Na4 c4 13. Nd4 Qe8 14. Bb2 fxe5 15.
fxe5 Rxf1+ 16. Qxf1 c5 17. Nf3 cxd3 18. cxd3 Ba6 19. Bc1 h6 20. Be3 Qb5 21. Nb2
Rf8 22. Qe1 Nf4 23. Bxf4 Rxf4 24. Qg3 Rf8 25. Qg4 Bc8 26. Rc1 Bd7 27. Rc2 Qa5
28. Nd1 Qb5 29. Nb2 Rf5 30. d4 cxd4 31. Qxd4 Bd8 32. Na4 Qa5 33. Qc5 Qa6 34.
Qd6 Qxd6 35. exd6 e5 36. Nc5 Bb6 37. b4 e4 38. Nd4 Rf7 39. Rc1 g6 40. Kh1 Kh7
41. h3 Kg8 42. Rc3 Kf8 1/2-1/2

[Event "VI Open FIDE"]
[Site "Forli' ITA"]
[Date "1993.10.??"]
[Round "6"]
[White "Iotti, Pierluigi"]
[Black "Godena, Michele"]
[WhiteElo "2300"]
[BlackElo "2505"]
[Result "0-1"]
[PlyCount "90"]
[EventDate "1993.10.23"]

1. d4 d5 2. c4 e6 3. Nc3 Bb4 4. Nf3 Ne7 5. e3 c5 6. a3 cxd4 7. exd4 Bxc3+ 8.
bxc3 b6 9. Bd3 dxc4 10. Bxc4 Qc7 11. Qd3 Ba6 12. Bxa6 Nxa6 13. O-O Nb8 14. Re1
Nbc6 15. Bd2 O-O 16. Ng5 Ng6 17. h4 Rfc8 18. h5 Nf8 19. Re3 h6 20. Nh3 Ne7 21.
Rg3 Nf5 22. Rf3 Qc4 23. Qe4 Nd7 24. g4 Nd6 25. Qf4 e5 26. dxe5 Qxf4 27. Bxf4
Nc4 28. e6 fxe6 29. g5 e5 30. Rd1 Rd8 31. Rfd3 Nb2 32. Rxd7 Nxd1 33. Rxd8+ Rxd8
34. Bxe5 Rd5 35. f4 Nb2 36. Bd4 Nc4 37. gxh6 gxh6 38. Kg2 a5 39. Nf2 a4 40. Ng4
Kf8 41. Nf6 Rd6 42. Kf3 Nxa3 43. Bxb6 Rxf6 44. Bc5+ Kf7 45. Bxa3 Rb6 0-1

[Event "VI Open FIDE"]
[Site "Forli' ITA"]
[Date "1993.10.??"]
[Round "6"]
[White "Lurje, Pawel"]
[Black "Wagman, Stuart"]
[WhiteElo "2100"]
[BlackElo "2225"]
[Result "1/2-1/2"]
[PlyCount "118"]
[EventDate "1993.10.23"]

1. e4 e5 2. Nf3 Nc6 3. Bb5 a6 4. Ba4 Nf6 5. Qe2 b5 6. Bb3 Be7 7. O-O O-O 8. c3
d5 9. exd5 Nxd5 10. Nxe5 Nxe5 11. Qxe5 Bb7 12. d4 Bd6 13. Qh5 Qd7 14. Na3 Bxa3
15. bxa3 Nxc3 16. Bb2 Nd5 17. Qh4 Rae8 18. Rfe1 Re6 19. Re5 Rxe5 20. dxe5 c5
21. Bc2 f5 22. Re1 Qe6 23. Rd1 h6 24. a4 g5 25. Qg3 Nf4 26. Qe3 Nd5 27. Qd2 c4
28. axb5 axb5 29. Qd4 Nf4 30. Qd7 Rf7 31. Qd8+ Rf8 32. Qc7 Bd5 33. Qd6 Ra8 34.
a3 c3 35. Ba1 Qxd6 36. exd6 Bxg2 37. d7 Rd8 38. Bxc3 Ne2+ 39. Kxg2 Nxc3 40. Rd6
Ne4 41. Bxe4 fxe4 42. Kg3 Kf8 43. Kg4 Ke7 44. Rxh6 Kxd7 45. Kxg5 Ra8 46. Rh3
Rf8 47. Re3 Rxf2 48. h4 Rf3 49. Rxe4 Rxa3 50. h5 Rg3+ 51. Kf6 Rf3+ 52. Kg6 Rg3+
53. Kh7 b4 54. Rxb4 Ke7 55. Rf4 Rg1 56. h6 Rg2 57. Ra4 Kf7 58. Ra7+ Kf8 59. Rg7
Rf2 1/2-1/2

[Event "VI Open FIDE"]
[Site "Forli' ITA"]
[Date "1993.10.??"]
[Round "6"]
[White "Manouck, Thierry"]
[Black "Trevisani, Bruno"]
[WhiteElo "2305"]
[BlackElo "2320"]
[Result "1/2-1/2"]
[PlyCount "113"]
[EventDate "1993.10.23"]

1. c4 g6 2. g3 Bg7 3. Bg2 d6 4. Nc3 c5 5. Rb1 Nc6 6. a3 Bxc3 7. bxc3 Qd7 8. d3
f5 9. h4 Nf6 10. Nh3 b6 11. Nf4 Bb7 12. e4 O-O-O 13. f3 Kb8 14. Bh3 e6 15. g4
Rde8 16. g5 Ng8 17. d4 Na5 18. d5 e5 19. Ne6 Rxe6 20. dxe6 Qxe6 21. O-O Ne7 22.
Qd3 Rd8 23. f4 Qxc4 24. Qxc4 Nxc4 25. exf5 gxf5 26. Ra1 e4 27. Re1 Rf8 28. a4
a5 29. Bf1 d5 30. h5 Nd6 31. Be3 Kc7 32. Ra2 Bc6 33. Rea1 Be8 34. Rh2 d4 35.
cxd4 Nd5 36. Kf2 c4 37. Rh1 Nc3 38. Bxc4 Nxa4 39. Bb3 Nb2 40. Rhc1+ Kb8 41. Rh1
a4 42. Be6 Bf7 43. d5 Bxe6 44. dxe6 Nd3+ 45. Ke2 Re8 46. Rxa4 Rxe6 47. Rb1 Nc8
48. Rb5 Ne7 49. Ra6 Kc7 50. Ra7+ Kb8 51. Ra6 Kc7 52. Rbxb6 Rxb6 53. Bxb6+ Kb7
54. Ra7+ Kxb6 55. Rxe7 Nxf4+ 56. Kd2 Nxh5 57. Rxh7 1/2-1/2

[Event "VI Open FIDE"]
[Site "Forli' ITA"]
[Date "1993.10.??"]
[Round "6"]
[White "Pieri, Filippo"]
[Black "Cordara, Michele"]
[WhiteElo "2215"]
[BlackElo "2205"]
[Result "1-0"]
[PlyCount "43"]
[EventDate "1993.10.23"]

1. e4 Nc6 2. d4 d5 3. Nc3 e6 4. Nf3 Bb4 5. e5 Nge7 6. Bd3 Nf5 7. O-O Nfxd4 8.
Nxd4 Nxd4 9. Qg4 Nc6 10. Qxg7 Rf8 11. Bg5 Qd7 12. Rad1 f5 13. exf6 Rf7 14. Qh8+
Bf8 15. Rfe1 Nd4 16. Bh6 c5 17. Bxh7 Qd6 18. Bg6 Bd7 19. Qh7 O-O-O 20. Bxf7
Bxh6 21. Qxh6 Nf5 22. Qh5 1-0

[Event "VI Open FIDE"]
[Site "Forli' ITA"]
[Date "1993.10.??"]
[Round "6"]
[White "Rodighiero, Giuseppe"]
[Black "Mailfert, Jean-Pierre"]
[WhiteElo "2190"]
[BlackElo "2115"]
[Result "1/2-1/2"]
[PlyCount "60"]
[EventDate "1993.10.23"]

1. d4 d5 2. Nf3 c6 3. c3 Bf5 4. Bf4 Nf6 5. e3 e6 6. Ne5 Nbd7 7. Qb3 Qb6 8. Nd2
Nxe5 9. Bxe5 Be7 10. Be2 O-O 11. O-O Nd7 12. Bg3 Bf6 13. Bd6 Rfe8 14. f4 h6 15.
Nf3 Be7 16. Bxe7 Rxe7 17. Ne5 f6 18. Nxd7 Rxd7 19. Qxb6 axb6 20. a3 Rf8 21.
Rad1 Re7 22. Rf2 Bg6 23. Bd3 Bxd3 24. Rxd3 e5 25. fxe5 fxe5 26. Rxf8+ Kxf8 27.
Rd2 Kf7 28. Rf2+ Ke6 29. Kf1 h5 30. Ke2 Rf7 1/2-1/2

[Event "VI Open FIDE"]
[Site "Forli' ITA"]
[Date "1993.10.??"]
[Round "6"]
[White "Tatai, Stefano"]
[Black "Arlandi, Ennio"]
[WhiteElo "2440"]
[BlackElo "2440"]
[Result "1/2-1/2"]
[PlyCount "82"]
[EventDate "1993.10.23"]

1. d4 d5 2. c4 e6 3. Nc3 Be7 4. Nf3 Nf6 5. Bg5 O-O 6. e3 h6 7. Bh4 b6 8. Bd3
Bb7 9. O-O Nbd7 10. Bg3 Ne4 11. Bxe4 dxe4 12. Nd2 f5 13. Nb5 Qc8 14. Nxc7 f4
15. Bxf4 Rxf4 16. Nxa8 Rf5 17. Nxb6 axb6 18. a3 Bd6 19. Qe2 Qd8 20. f4 exf3 21.
Nxf3 Nf6 22. b4 Ne4 23. Rac1 Bc7 24. a4 Rh5 25. d5 Bxh2+ 26. Nxh2 Qh4 27. g4
Qg3+ 28. Kh1 Rh3 29. Rc2 Qe5 30. Rf3 Ng3+ 31. Rxg3 Rxg3 32. e4 exd5 33. Nf1
Rh3+ 34. Kg2 Rh4 35. cxd5 Qf4 36. Ng3 Rxg4 37. Rc3 h5 38. Rf3 Qe5 39. Re3 Bxd5
40. exd5 Rxg3+ 41. Kf2 Rxe3 1/2-1/2

[Event "VI Open FIDE"]
[Site "Forli' ITA"]
[Date "1993.10.??"]
[Round "6"]
[White "Turci, Stefano"]
[Black "Lagrotteria, Salvatore"]
[WhiteElo "2230"]
[BlackElo "2230"]
[Result "1-0"]
[PlyCount "65"]
[EventDate "1993.10.23"]

1. d4 d5 2. Nf3 Nf6 3. Bf4 e6 4. e3 Be7 5. Nbd2 O-O 6. Bd3 Nbd7 7. c3 Re8 8.
O-O Nf8 9. Ne5 N6d7 10. Qh5 Nxe5 11. dxe5 c5 12. Nf3 Bd7 13. Ng5 g6 14. Qh6 f5
15. g4 c4 16. Bc2 Bc5 17. gxf5 exf5 18. Rad1 Bc6 19. b4 Be7 20. a4 a6 21. f3
Bxg5 22. Bxg5 Qd7 23. Bf6 Ne6 24. Rd2 Ng7 25. b5 axb5 26. axb5 Nh5 27. bxc6
bxc6 28. Rg2 Ra2 29. Qxh5 Rxc2 30. Rg3 Rxc3 31. e6 Qa7 32. Rxg6+ hxg6 33. Qh8#
1-0

[Event "VI Open FIDE"]
[Site "Forli' ITA"]
[Date "1993.10.??"]
[Round "6"]
[White "Ubezio, Marco"]
[Black "Tagnon, Nicole"]
[WhiteElo "2200"]
[BlackElo "2100"]
[Result "1-0"]
[PlyCount "35"]
[EventDate "1993.10.23"]

1. e4 c5 2. Nf3 e6 3. c3 b6 4. d4 Bb7 5. Bd3 d6 6. O-O Nd7 7. Qe2 Qc7 8. Bf4 e5
9. Bg3 Ngf6 10. dxe5 dxe5 11. Na3 Nh5 12. Nb5 Qb8 13. Ng5 Nxg3 14. fxg3 a6 15.
Nxf7 axb5 16. Bxb5 Be7 17. Nxh8 Bf6 18. Rxf6 1-0

[Event "VI Open FIDE"]
[Site "Forli' ITA"]
[Date "1993.10.??"]
[Round "7"]
[White "Arlandi, Ennio"]
[Black "Manouck, Thierry"]
[WhiteElo "2440"]
[BlackElo "2305"]
[Result "1/2-1/2"]
[PlyCount "81"]
[EventDate "1993.10.23"]

1. d4 d6 2. Nf3 Nf6 3. c4 Nbd7 4. Nc3 e5 5. e4 Be7 6. Be2 O-O 7. O-O c6 8. Qc2
a6 9. Rb1 Qc7 10. Rd1 Re8 11. b4 b5 12. a3 Bb7 13. dxe5 Nxe5 14. Nxe5 dxe5 15.
c5 Rad8 16. Be3 Bc8 17. Bf1 Be6 18. h3 h6 19. a4 Nh7 20. Rxd8 Rxd8 21. Rd1 Bg5
22. Rxd8+ Qxd8 23. Bxg5 hxg5 24. axb5 axb5 25. Qd1 Qxd1 26. Nxd1 g6 27. Bd3 Nf8
28. Kf1 Bb3 29. Ne3 f6 30. Ke1 Ne6 31. Kd2 Nd4 32. Be2 Be6 33. Nc2 Nb3+ 34. Kc3
Nc1 35. Bg4 f5 36. Bf3 f4 37. Bg4 Bxg4 38. hxg4 Kf7 39. Ne1 Ne2+ 40. Kd2 Nd4
41. Nf3 1/2-1/2

[Event "VI Open FIDE"]
[Site "Forli' ITA"]
[Date "1993.10.??"]
[Round "7"]
[White "Cordara, Michele"]
[Black "Bartolini, Tommaso"]
[WhiteElo "2205"]
[BlackElo "2095"]
[Result "1-0"]
[PlyCount "96"]
[EventDate "1993.10.23"]

1. e4 c5 2. c4 Nc6 3. g3 e6 4. Nc3 Nge7 5. Bg2 b6 6. Nge2 Bb7 7. O-O Ng6 8. d4
cxd4 9. Nxd4 h5 10. h4 Be7 11. Nf3 Nce5 12. Nxe5 Nxe5 13. Qe2 g5 14. Bxg5 Bxg5
15. hxg5 h4 16. gxh4 Rxh4 17. f4 Ng6 18. Nb5 Qb8 19. e5 Kf8 20. Nd6 Bxg2 21.
Qxg2 Nxf4 22. Rxf4 Rxf4 23. g6 f5 24. Qh2 Rg4+ 25. Kf2 Ke7 26. Qh7+ Kd8 27. Rd1
Kc7 28. Nb5+ Kb7 29. Qxd7+ Ka6 30. Nc7+ Qxc7 31. Qxc7 Rh8 32. Rg1 Rh2+ 33. Kf1
Rf4+ 34. Ke1 Rxb2 35. g7 Re4+ 36. Kf1 Rf4+ 37. Ke1 Re4+ 38. Kd1 Rb1+ 39. Kd2
Rxg1 40. Qc8+ Ka5 41. g8=Q Rxg8 42. Qxg8 Rxe5 43. Qg7 Re4 44. Qxa7+ Kb4 45.
Qxb6+ Kxc4 46. a4 f4 47. a5 Re5 48. a6 Re4 1-0

[Event "VI Open FIDE"]
[Site "Forli' ITA"]
[Date "1993.10.??"]
[Round "7"]
[White "De Gregorio, Massimiliano"]
[Black "Ubezio, Marco"]
[WhiteElo "2070"]
[BlackElo "2200"]
[Result "1/2-1/2"]
[PlyCount "112"]
[EventDate "1993.10.23"]

1. e4 c5 2. Nf3 d6 3. d4 cxd4 4. Nxd4 Nf6 5. Nc3 a6 6. Bc4 e6 7. Bb3 Nc6 8. Be3
Na5 9. O-O b5 10. f3 Nxb3 11. Nxb3 Bb7 12. Qd2 Qc7 13. Qf2 Nd7 14. Rad1 Be7 15.
a4 b4 16. Na2 d5 17. a5 O-O 18. c3 dxe4 19. fxe4 Bxe4 20. Nxb4 Nf6 21. Bb6 Qe5
22. Nd3 Qg5 23. Qd2 Nd5 24. Qxg5 Bxg5 25. Bd4 Ne3 26. Bxe3 Bxe3+ 27. Kh1 f5 28.
Nbc5 Bd5 29. Rde1 f4 30. h3 Bc4 31. b3 Bxc5 32. bxc4 Be3 33. Nb4 Rfc8 34. Nc2
Rxc4 35. Nxe3 fxe3 36. Rxe3 Rc6 37. Rb1 Rac8 38. Rb6 Rxc3 39. Rxc3 Rxc3 40.
Rxe6 Rc1+ 41. Kh2 Ra1 42. Rxa6 Ra3 43. Ra7 h5 44. a6 Kh7 45. Ra8 h4 46. Kg1 Ra2
47. Kf1 Kg6 48. a7 Kg5 49. Ke1 Ra1+ 50. Ke2 Ra2+ 51. Kd3 Ra4 52. Ke3 Ra1 53.
Ke4 Ra5 54. Kd4 Ra2 55. Kd5 g6 56. Ke6 Re2+ 1/2-1/2

[Event "VI Open FIDE"]
[Site "Forli' ITA"]
[Date "1993.10.??"]
[Round "7"]
[White "Efimov, Igor"]
[Black "Loncar, Robert"]
[WhiteElo "2490"]
[BlackElo "2440"]
[Result "1-0"]
[PlyCount "87"]
[EventDate "1993.10.23"]

1. d4 Nf6 2. c4 g6 3. Nc3 Bg7 4. e4 d6 5. Be2 O-O 6. Bg5 h6 7. Be3 e5 8. d5 Na6
9. Qd2 Kh7 10. f3 Ne8 11. g4 Bd7 12. h4 c5 13. dxc6 Bxc6 14. O-O-O Qa5 15. Kb1
Nc5 16. h5 g5 17. Nb5 Qxd2 18. Rxd2 Kg8 19. Rh2 Ne6 20. Nxa7 Nd4 21. Nb5 Bxb5
22. cxb5 d5 23. exd5 Nc7 24. Bc4 Rfd8 25. Bxd4 exd4 26. Rhe2 Nxd5 27. Re4 Rac8
28. Bb3 Kf8 29. Ne2 Rc5 30. Nxd4 Rdc8 31. a3 Rc1+ 32. Ka2 Nb4+ 33. axb4 Ra8+
34. Ba4 Rxa4+ 35. Kb3 Ra8 36. Nf5 Rf1 37. Re3 Bf6 38. Rd6 Bg7 39. b6 Rf2 40.
Nxg7 Kxg7 41. Rd7 Rc8 42. Rxb7 Rcc2 43. Rc7 Rxb2+ 44. Ka4 1-0

[Event "VI Open FIDE"]
[Site "Forli' ITA"]
[Date "1993.10.??"]
[Round "7"]
[White "Lagrotteria, Salvatore"]
[Black "Drei, Andrea"]
[WhiteElo "2230"]
[BlackElo "2255"]
[Result "0-1"]
[PlyCount "79"]
[EventDate "1993.10.23"]

1. Nf3 Nf6 2. g3 b6 3. Bg2 Bb7 4. O-O g6 5. c4 Bg7 6. Nc3 O-O 7. d4 d6 8. Qc2
Nbd7 9. Rd1 c5 10. d5 a6 11. h3 b5 12. e4 bxc4 13. Na4 Nb6 14. Nd2 Nfd7 15.
Nxb6 Nxb6 16. Nxc4 Nxc4 17. Qxc4 Qb6 18. Rb1 a5 19. Bg5 Qc7 20. h4 Bc8 21. Qc1
Rb8 22. Rd3 f5 23. Bh6 Rb4 24. Bxg7 Kxg7 25. Qc3+ Kg8 26. Re1 f4 27. e5 Bf5 28.
a3 Rxb2 29. Qxb2 Bxd3 30. Qd2 fxg3 31. fxg3 c4 32. h5 Qc5+ 33. Kh1 Rf5 34. g4
Rxe5 35. hxg6 Bxg6 36. Rf1 c3 37. Qf4 Qc8 38. Kh2 c2 39. g5 Rf5 40. Bh3 0-1

[Event "VI Open FIDE"]
[Site "Forli' ITA"]
[Date "1993.10.??"]
[Round "7"]
[White "Mailfert, Jean-Pierre"]
[Black "Tocchioni, Doriano"]
[WhiteElo "2115"]
[BlackElo "2235"]
[Result "1-0"]
[PlyCount "85"]
[EventDate "1993.10.23"]

1. d4 c6 2. Nf3 d5 3. g3 Bg4 4. Bg2 Nd7 5. O-O e6 6. b3 h5 7. c4 Be7 8. Nbd2 h4
9. e4 hxg3 10. hxg3 Ngf6 11. Qe2 Qa5 12. e5 Nh7 13. Bb2 Ng5 14. Rfd1 Bb4 15.
Nb1 O-O-O 16. a3 Be7 17. Nbd2 Rh5 18. b4 Qa4 19. Rac1 Kb8 20. Re1 Rdh8 21. Qe3
Nh3+ 22. Kf1 Rf5 23. Rc3 Qa6 24. Bc1 Nb6 25. Qe2 Ng5 26. c5 Qxe2+ 27. Rxe2 Na4
28. Rb3 Kc7 29. Re1 a6 30. Nh4 Rxh4 31. gxh4 Nh7 32. Rg3 Bh5 33. Rxg7 Nf8 34.
Re3 Bxh4 35. Nf3 Be7 36. Rb3 Kd7 37. Ke2 Ng6 38. Bh3 Nh4 39. Bxf5 exf5 40. Rh7
Nxf3 41. Rxf3 Bxf3+ 42. Kxf3 Ke8 43. Kf4 1-0

[Event "VI Open FIDE"]
[Site "Forli' ITA"]
[Date "1993.10.??"]
[Round "7"]
[White "Nemet, Ivan"]
[Black "Caposciutti, Maurizio"]
[WhiteElo "2410"]
[BlackElo "2315"]
[Result "0-1"]
[PlyCount "70"]
[EventDate "1993.10.23"]

1. d4 Nf6 2. Nf3 c5 3. d5 b5 4. Bg5 d6 5. c4 bxc4 6. Nc3 Nbd7 7. e4 g6 8. Bxc4
Bg7 9. O-O O-O 10. Re1 Ng4 11. Bf1 Bxc3 12. bxc3 f6 13. Bd2 Nge5 14. Nh4 Nb6
15. f4 Nec4 16. Bc1 e6 17. a4 a5 18. g3 exd5 19. exd5 Re8 20. Ra2 Bd7 21. Bd3
Kg7 22. Rxe8 Qxe8 23. Re2 Qf7 24. Bxc4 Nxc4 25. Qb3 Bg4 26. Re4 Qxd5 27. Re7+
Kh6 28. f5+ g5 29. Re6 Rf8 30. Qb1 Kg7 31. Re7+ Rf7 32. Rxf7+ Kxf7 33. Ng2 Qd1+
34. Kf2 Qe2+ 35. Kg1 Bf3 0-1

[Event "VI Open FIDE"]
[Site "Forli' ITA"]
[Date "1993.10.??"]
[Round "7"]
[White "Payen, Arnaud"]
[Black "Tatai, Stefano"]
[WhiteElo "2285"]
[BlackElo "2440"]
[Result "1/2-1/2"]
[PlyCount "73"]
[EventDate "1993.10.23"]

1. e4 c5 2. Nf3 d6 3. d4 cxd4 4. Nxd4 Nf6 5. Nc3 a6 6. Be2 e5 7. Nb3 Be7 8. Be3
Be6 9. O-O O-O 10. Qd2 Nbd7 11. a4 Qc7 12. a5 Qc6 13. Bf3 Rfc8 14. Rfc1 h6 15.
Ra4 Bf8 16. Rb4 Bc4 17. Nd5 Re8 18. Na1 b5 19. axb6 a5 20. Rxc4 Qxc4 21. Nc7 a4
22. Nxe8 Nxe8 23. Be2 Qc6 24. Qb4 Qb7 25. Qb5 Rb8 26. Qxa4 Nxb6 27. Bxb6 Qxb6
28. Nb3 Nf6 29. Ra1 Rc8 30. Bd3 Ng4 31. Qa7 Qd8 32. h3 Nf6 33. Qa5 Qd7 34. Qa7
Qd8 35. Qa5 Qd7 36. Qa7 Qd8 37. Qa5 1/2-1/2